[Event "Mauricie op"]
[Site "Trois-Rivieres CAN"]
[Date "2006.03.19"]
[Round "4"]
[White "Roussel-Roozmon, Thomas"]
[Black "Djerkovic, Miladin"]
[Result "0-1"]
[WhiteElo "2435"]
[BlackElo "2261"]
[PlyCount "126"]
[EventDate "2006.03.17"]
[EventType "swiss"]
[EventRounds "5"]
[EventCountry "CAN"]

1. d4 Nf6 2. c4 e6 3. Nc3 d5 4. Bg5 Be7 5. e3 O-O 6. cxd5 exd5 7. Bd3 c6 8. Qc2
Nbd7 9. Nf3 Re8 10. O-O Nf8 11. Rae1 Ne4 12. Bxe7 Qxe7 13. Bxe4 dxe4 14. Nd2 f5
15. f3 exf3 16. Nxf3 Ng6 17. e4 f4 18. e5 Rf8 19. Ne4 Bf5 20. Qc3 Bxe4 21. Rxe4
Qe6 22. b3 Ne7 23. Nd2 Nd5 24. Qf3 a5 25. a3 a4 26. b4 Ne3 27. Rf2 g5 28. g3
Nd5 29. Qh5 h6 30. Ree2 Nc3 31. Re1 fxg3 32. hxg3 Rxf2 33. Kxf2 Rf8+ 34. Kg1
Kg7 35. Nf3 Qd5 36. Re3 Ne2+ 37. Rxe2 Qxf3 38. Qxf3 Rxf3 39. e6 Kf8 40. Kg2
Rxa3 41. Rf2+ Ke7 42. Rf7+ Kxe6 43. Rxb7 Rb3 44. Rh7 Rxb4 45. Rxh6+ Kd5 46. Rg6
Rb5 47. Rxg5+ Kc4 48. Rg4 Kb3 49. Rg6 a3 50. Rxc6 Rb4 51. g4 a2 52. Rc1 Kb2 53.
Rf1 Rb3 54. Rf2+ Ka3 55. Rf1 Rb1 56. Rf8 a1=Q 57. Ra8+ Kb4 58. Rxa1 Rxa1 59.
Kf3 Kc4 60. Ke4 Re1+ 61. Kf5 Kd5 62. g5 Rf1+ 63. Kg6 Ke6 0-1

[Event "Carnaval"]
[Site "Quebec CAN"]
[Date "2006.02.18"]
[Round "2"]
[White "Angers, Gilles"]
[Black "Roussel-Roozmon, Thomas"]
[Result "0-1"]
[WhiteElo "1946"]
[BlackElo "2430"]
[PlyCount "74"]
[EventDate "2006.02.17"]
[EventType "swiss"]
[EventRounds "5"]
[EventCountry "CAN"]

1. e4 c5 2. Nc3 Nc6 3. g3 g6 4. Bg2 Bg7 5. f4 d6 6. d3 e6 7. Nf3 Nge7 8. O-O
O-O 9. Be3 Nd4 10. e5 Nec6 11. Ne4 dxe5 12. Nxe5 Nxe5 13. fxe5 Bxe5 14. c3 Nf5
15. Bxc5 Re8 16. Qf3 h5 17. d4 Bc7 18. Rad1 Kg7 19. Nf2 Bd7 20. Qd3 Bc6 21.
Bxc6 bxc6 22. Qf3 Qd5 23. Qxd5 cxd5 24. Rfe1 g5 25. Nd3 g4 26. Re2 Rh8 27. b4
h4 28. gxh4 Rxh4 29. Rdd2 a6 30. a4 Rah8 31. Ne1 Rh3 32. Rg2 Ne3 33. Rge2 Bf4
34. Nd3 Rf3 35. Re1 Nc4 36. Nxf4 Nxd2 37. Ne2 Rfh3 0-1

[Event "Carnaval"]
[Site "Quebec CAN"]
[Date "2006.02.18"]
[Round "3"]
[White "Roussel-Roozmon, Thomas"]
[Black "Berube, Antoine"]
[Result "1-0"]
[WhiteElo "2430"]
[BlackElo "2158"]
[PlyCount "55"]
[EventDate "2006.02.17"]
[EventType "swiss"]
[EventRounds "5"]
[EventCountry "CAN"]

1. Nf3 d5 2. c4 c6 3. e3 Nf6 4. Nc3 e6 5. b3 Nbd7 6. Bb2 Bd6 7. Qc2 O-O 8. Be2
Qe7 9. Rg1 Rd8 10. g4 Nf8 11. g5 Ne8 12. h4 Ba3 13. Bxa3 Qxa3 14. h5 Qe7 15.
Ne5 Nd7 16. f4 Nxe5 17. fxe5 d4 18. Ne4 dxe3 19. Nf6+ Kf8 20. Nxh7+ Kg8 21.
Nf6+ Kf8 22. Nh7+ Kg8 23. dxe3 Qb4+ 24. Kf2 Rd2 25. Qe4 c5 26. Nf6+ Kf8 27. h6
Nxf6 28. hxg7+ 1-0

[Event "Carnaval"]
[Site "Quebec CAN"]
[Date "2006.02.19"]
[Round "4"]
[White "Roussel-Roozmon, Thomas"]
[Black "Audet-Bouchard, Nicolas"]
[Result "1-0"]
[WhiteElo "2430"]
[BlackElo "2203"]
[PlyCount "117"]
[EventDate "2006.02.17"]
[EventType "swiss"]
[EventRounds "5"]
[EventCountry "CAN"]

1. Nf3 Nf6 2. c4 b6 3. g3 Bb7 4. Bg2 e6 5. O-O Be7 6. Nc3 O-O 7. Re1 c5 8. e4
d6 9. d4 cxd4 10. Nxd4 Qc8 11. Be3 Nc6 12. Rc1 Rd8 13. Nd5 Qd7 14. Nxe7+ Qxe7
15. Nb5 Ne8 16. Qe2 Nc7 17. Nc3 f6 18. f4 Rab8 19. Qf2 Rd7 20. Rcd1 Ba8 21. a4
Na6 22. Rb1 Ncb4 23. Red1 Nc5 24. b3 Rbd8 25. Rd2 Bc6 26. h3 g6 27. Kh2 Qg7 28.
h4 f5 29. exf5 gxf5 30. Bd4 Qf7 31. Bxc6 Nxc6 32. b4 Nb7 33. Be3 d5 34. cxd5
exd5 35. b5 Nca5 36. Bd4 Nd6 37. Qf3 Ne4 38. Rg2 h5 39. Na2 Nc4 40. Rd1 Kh7 41.
Nb4 Rg8 42. Ba1 Rg4 43. Qd3 Qg6 44. Nxd5 Rxd5 45. Qxd5 Nxg3 46. Qd7+ Kh6 47.
Bg7+ Qxg7 48. Qxg7+ Rxg7 49. Rxg3 Re7 50. Rd8 Kh7 51. Rgd3 Kg6 52. R8d7 Re6 53.
R3d4 Re4 54. Rxe4 fxe4 55. Rd4 Nb2 56. Rxe4 Kf5 57. Rd4 Kg4 58. Kg2 Kxh4 59.
Kf3 1-0

[Event "Carnaval"]
[Site "Quebec CAN"]
[Date "2006.02.19"]
[Round "5"]
[White "Chabot, Roland"]
[Black "Roussel-Roozmon, Thomas"]
[Result "0-1"]
[WhiteElo "2262"]
[BlackElo "2430"]
[PlyCount "80"]
[EventDate "2006.02.17"]
[EventType "swiss"]
[EventRounds "5"]
[EventCountry "CAN"]

1. d4 e6 2. c4 b6 3. Nc3 Bb7 4. e4 Bb4 5. f3 Qh4+ 6. g3 Qh5 7. Nh3 f5 8. Nf4
Qf7 9. e5 Bxc3+ 10. bxc3 Ne7 11. Be2 Nbc6 12. O-O g5 13. Ng2 Qg7 14. f4 g4 15.
d5 Na5 16. Ne3 c5 17. dxc6 Bxc6 18. Ba3 Nb7 19. Rf2 h5 20. h4 Kf7 21. Bf1 Rhd8
22. Rd2 Bf3 23. Be2 Bxe2 24. Qxe2 Rac8 25. Rad1 Ke8 26. Nc2 Nc6 27. Bd6 Nca5
28. Na3 a6 29. Rd4 Rc6 30. Bb4 Rdc8 31. Qd3 R8c7 32. Rb1 Kd8 33. Qe3 Nc5 34.
Bxc5 bxc5 35. Rd2 Qf8 36. Qd3 Ke7 37. Qd6+ Rxd6 38. exd6+ Kd8 39. dxc7+ Kxc7
40. Rbd1 d6 0-1

[Event "Bois-Colombes Master"]
[Site "Bois-Colombes FRA"]
[Date "2005.12.21"]
[Round "1"]
[White "Payen, Arnaud"]
[Black "Roussel-Roozmon, Thomas"]
[Result "1/2-1/2"]
[WhiteElo "2408"]
[BlackElo "2439"]
[PlyCount "81"]
[EventDate "2005.12.24"]
[EventType "tourn"]
[EventRounds "9"]
[EventCountry "FRA"]

1. Nf3 d5 2. g3 c6 3. Bg2 Bg4 4. O-O Nd7 5. d4 Ngf6 6. Nbd2 e6 7. Re1 Be7 8. e4
dxe4 9. Nxe4 O-O 10. c3 Qb6 11. Ned2 Rfd8 12. h3 Bh5 13. Nc4 Qa6 14. Qb3 Nd5
15. Nce5 Nxe5 16. Nxe5 Qb6 17. h4 Bf6 18. Bg5 Bxg5 19. hxg5 Rac8 20. Qxb6 Nxb6
21. b4 Na4 22. Re3 Kf8 23. f4 Nb6 24. g4 Bg6 25. Rf1 Nd5 26. Rh3 f6 27. f5 exf5
28. gxf5 Be8 29. Ng4 fxg5 30. Rxh7 Kg8 31. Rh3 Nf4 32. Re3 Bd7 33. Be4 Rf8 34.
Ne5 Bxf5 35. Bxf5 Rxf5 36. Ng6 Kf7 37. Ne7 Nh3+ 38. Kg2 Nf4+ 39. Kg1 Nh3+ 40.
Kg2 Nf4+ 41. Kg1 1/2-1/2

[Event "Bois-Colombes Master"]
[Site "Bois-Colombes FRA"]
[Date "2005.12.22"]
[Round "2"]
[White "Todorov, Todor"]
[Black "Roussel-Roozmon, Thomas"]
[Result "1-0"]
[WhiteElo "2498"]
[BlackElo "2439"]
[PlyCount "67"]
[EventDate "2005.12.24"]
[EventType "tourn"]
[EventRounds "9"]
[EventCountry "FRA"]

1. e4 e5 2. Nf3 Nf6 3. Nc3 Nc6 4. a3 d6 5. d4 Bg4 6. d5 Nd4 7. Be3 Nxf3+ 8.
gxf3 Bd7 9. Qd2 Nh5 10. Ne2 Qf6 11. Bg2 h6 12. Qb4 b6 13. h4 Qg6 14. Rg1 Qf6
15. O-O-O Be7 16. f4 Nxf4 17. Nxf4 exf4 18. Bd4 Qxh4 19. Bf3 Bf8 20. Qc4 O-O-O
21. e5 Kb8 22. e6 Bc8 23. Rde1 Qe7 24. Qc3 f6 25. Rg6 Qe8 26. e7 Bxe7 27. Rxg7
Rd7 28. Rexe7 Rxe7 29. Rxe7 Qxe7 30. Bxf6 Qd7 31. Bxh8 Qh3 32. b3 Qf1+ 33. Kb2
Qxf2 34. Bf6 1-0

[Event "Bois-Colombes Master"]
[Site "Bois-Colombes FRA"]
[Date "2005.12.23"]
[Round "3"]
[White "Roussel-Roozmon, Thomas"]
[Black "Sebag, Marie"]
[Result "0-1"]
[WhiteElo "2439"]
[BlackElo "2415"]
[PlyCount "66"]
[EventDate "2005.12.24"]
[EventType "tourn"]
[EventRounds "9"]
[EventCountry "FRA"]

1. d4 d5 2. c4 c6 3. Nf3 Nf6 4. e3 a6 5. Nc3 b5 6. c5 Nbd7 7. b4 a5 8. bxa5
Qxa5 9. Bd2 b4 10. Nb1 Ne4 11. a3 Nxd2 12. Nfxd2 e5 13. a4 g6 14. Nb3 Qc7 15.
a5 Bg7 16. Ra4 O-O 17. Be2 f5 18. O-O e4 19. Rxb4 Bh6 20. Nc3 Nf6 21. Rb6 f4
22. f3 exf3 23. Rxf3 Bg4 24. Rf1 Bf5 25. a6 Qe7 26. Kh1 fxe3 27. Rxc6 Ng4 28.
Rxf5 Nf2+ 29. Rxf2 exf2 30. h3 Rae8 31. a7 Qxa7 32. Qf1 Qb8 33. Rb6 Qg3 0-1

[Event "Bois-Colombes Master"]
[Site "Bois-Colombes FRA"]
[Date "2005.12.24"]
[Round "4"]
[White "Kozakov, Mikhail"]
[Black "Roussel-Roozmon, Thomas"]
[Result "1/2-1/2"]
[WhiteElo "2485"]
[BlackElo "2439"]
[PlyCount "83"]
[EventDate "2005.12.24"]
[EventType "tourn"]
[EventRounds "9"]
[EventCountry "FRA"]

1. e4 e5 2. Nf3 Nf6 3. Nxe5 d6 4. Nf3 Nxe4 5. d4 d5 6. Bd3 Nc6 7. O-O Be7 8. c4
Nb4 9. Re1 Nxd3 10. Qxd3 c6 11. cxd5 cxd5 12. Qb5+ Qd7 13. Qb3 O-O 14. Nc3 Nxc3
15. bxc3 b6 16. Ba3 Bxa3 17. Qxa3 Re8 18. Re5 f6 19. Rxe8+ Qxe8 20. Re1 Be6 21.
Qd6 Kf7 22. c4 Qd7 23. Qf4 Kg8 24. c5 Rc8 25. h3 Bf7 26. Rc1 h6 27. Nh2 bxc5
28. dxc5 d4 29. Nf3 d3 30. a3 Qd5 31. Qe3 Re8 32. Qd2 Re2 33. Qc3 Be8 34. Rd1
Rc2 35. Rxd3 Qxc5 36. Qxc5 Rxc5 37. Rb3 Ra5 38. Nd4 Bf7 39. Rb8+ Kh7 40. Rb7
Kg8 41. Rb8+ Kh7 42. Rb7 1/2-1/2

[Event "Bois-Colombes Master"]
[Site "Bois-Colombes FRA"]
[Date "2005.12.26"]
[Round "5"]
[White "Roussel-Roozmon, Thomas"]
[Black "Shoker, Samy"]
[Result "0-1"]
[WhiteElo "2439"]
[BlackElo "2319"]
[PlyCount "124"]
[EventDate "2005.12.24"]
[EventType "tourn"]
[EventRounds "9"]
[EventCountry "FRA"]

1. d4 g6 2. c4 Bg7 3. e4 d6 4. Nc3 Nf6 5. f3 O-O 6. Be3 e5 7. d5 Nh5 8. Qd2
Qh4+ 9. Bf2 Qe7 10. O-O-O f5 11. Be3 Bd7 12. Kb1 Nf6 13. h3 a5 14. g4 Na6 15.
Bd3 fxe4 16. fxe4 h5 17. g5 Nh7 18. h4 a4 19. Bf1 Nc5 20. Nge2 Ra6 21. Bh3 Rf3
22. Bg2 Rf7 23. Rdf1 Rxf1+ 24. Rxf1 Nf8 25. Nc1 Qe8 26. Bxc5 dxc5 27. Nd3 b6
28. Qe3 Ra8 29. Bh3 Qe7 30. Bxd7 Qxd7 31. Qg3 Qe8 32. Nb5 Qe7 33. Rf3 Rc8 34.
Na7 Re8 35. Kc2 Ra8 36. Nb5 c6 37. Nc3 b5 38. cxb5 c4 39. Nc1 cxb5 40. a3 b4
41. axb4 Qxb4 42. N3a2 Qb6 43. Qf2 Qd4 44. Qe3 Nd7 45. Ne2 Qxe3 46. Rxe3 Bf8
47. Rc3 Bc5 48. Rxc4 Bf2 49. Rc7 Nf8 50. Nb4 Bxh4 51. Nc6 Bxg5 52. Nxe5 Re8 53.
Nf3 Rxe4 54. Nc3 Bf4 55. Nxe4 Bxc7 56. d6 Bd8 57. Ne5 Kg7 58. Kd1 Bf6 59. d7
Nxd7 60. Nxd7 Bxb2 61. Kc2 a3 62. Nb6 Bd4 0-1

[Event "Bois-Colombes Master"]
[Site "Bois-Colombes FRA"]
[Date "2005.12.27"]
[Round "6"]
[White "Gozzoli, Yannick"]
[Black "Roussel-Roozmon, Thomas"]
[Result "1/2-1/2"]
[WhiteElo "2460"]
[BlackElo "2439"]
[PlyCount "46"]
[EventDate "2005.12.24"]
[EventType "tourn"]
[EventRounds "9"]
[EventCountry "FRA"]

1. d4 d5 2. c4 c6 3. Nc3 Nf6 4. Nf3 a6 5. c5 Nbd7 6. Bf4 g6 7. e3 Bg7 8. Be2
O-O 9. O-O Nh5 10. Bg5 h6 11. Bh4 g5 12. Ne1 gxh4 13. Bxh5 e5 14. dxe5 Bxe5 15.
Nd3 Bg7 16. Ne2 Qg5 17. Nd4 Nf6 18. Bf3 h3 19. g3 h5 20. Nf4 Bg4 21. Qc2 Rae8
22. Rae1 Ne4 23. Bd1 Nf6 1/2-1/2

[Event "Bois-Colombes Master"]
[Site "Bois-Colombes FRA"]
[Date "2005.12.28"]
[Round "7"]
[White "Roussel-Roozmon, Thomas"]
[Black "Apicella, Manuel"]
[Result "1/2-1/2"]
[WhiteElo "2439"]
[BlackElo "2519"]
[PlyCount "29"]
[EventDate "2005.12.24"]
[EventType "tourn"]
[EventRounds "9"]
[EventCountry "FRA"]

1. d4 d5 2. c4 e6 3. Nf3 c6 4. e3 Bd6 5. Bd3 f5 6. O-O Nf6 7. b3 Qe7 8. Bb2 O-O
9. Qc1 Ne4 10. Ba3 Nd7 11. Bxd6 Qxd6 12. Qa3 Qxa3 13. Nxa3 b6 14. Rfd1 Bb7 15.
Rac1 1/2-1/2

[Event "Bois-Colombes Master"]
[Site "Bois-Colombes FRA"]
[Date "2005.12.29"]
[Round "8"]
[White "Drazic, Sinisa"]
[Black "Roussel-Roozmon, Thomas"]
[Result "1-0"]
[WhiteElo "2523"]
[BlackElo "2439"]
[PlyCount "81"]
[EventDate "2005.12.24"]
[EventType "tourn"]
[EventRounds "9"]
[EventCountry "FRA"]

1. d4 Nf6 2. c4 c6 3. Nf3 d5 4. e3 a6 5. a4 e6 6. Bd3 c5 7. O-O Nc6 8. Nc3 cxd4
9. exd4 Nb4 10. Ne5 Nxd3 11. Qxd3 dxc4 12. Nxc4 Be7 13. a5 O-O 14. Nb6 Rb8 15.
Bg5 Nh5 16. Be3 Bd7 17. g4 Nf6 18. Bf4 Bc6 19. Qg3 Rc8 20. Rfd1 Bb4 21. Nxc8
Qxc8 22. h3 Qd7 23. Be5 Bxc3 24. bxc3 Ne4 25. Qe3 f6 26. d5 exd5 27. Bd4 h5 28.
Qf4 hxg4 29. hxg4 Kf7 30. f3 Ng5 31. Kg2 Bb5 32. Re1 Qc6 33. Rac1 Rh8 34. Rh1
Rxh1 35. Rxh1 Be2 36. Kg3 Bxf3 37. Rh5 Kg8 38. Qb8+ Kf7 39. Qf4 Kg8 40. Rxg5
fxg5 41. Qxg5 1-0

[Event "Bois-Colombes Master"]
[Site "Bois-Colombes FRA"]
[Date "2005.12.30"]
[Round "9"]
[White "Roussel-Roozmon, Thomas"]
[Black "Abergel, Thal"]
[Result "1/2-1/2"]
[WhiteElo "2439"]
[BlackElo "2436"]
[PlyCount "32"]
[EventDate "2005.12.24"]
[EventType "tourn"]
[EventRounds "9"]
[EventCountry "FRA"]

1. e4 c6 2. d4 d5 3. exd5 cxd5 4. c4 Nf6 5. Nc3 Nc6 6. Nf3 Bg4 7. cxd5 Nxd5 8.
Qb3 Bxf3 9. gxf3 e6 10. Qxb7 Nxd4 11. Bb5+ Nxb5 12. Qc6+ Ke7 13. Qxb5 Qd7 14.
Nxd5+ Qxd5 15. Bg5+ f6 16. Qxd5 exd5 1/2-1/2

[Event "Quebec-ch classe 2000+"]
[Site "Montreal CAN"]
[Date "2005.10.08"]
[Round "1"]
[White "Roussel-Roozmon, Thomas"]
[Black "Le Duin, Thierry"]
[Result "1-0"]
[WhiteElo "2426"]
[BlackElo "2053"]
[PlyCount "53"]
[EventDate "2005.10.10"]
[EventType "swiss"]
[EventRounds "5"]
[EventCountry "CAN"]

1. e4 d5 2. exd5 Nf6 3. d4 Bg4 4. Nf3 Qxd5 5. Be2 Nc6 6. O-O O-O-O 7. Be3 Qh5
8. h3 e5 9. Nbd2 e4 10. hxg4 Nxg4 11. Nxe4 Nce5 12. Bf4 Nxf3+ 13. Bxf3 f5 14.
Bxg4 fxg4 15. Qd3 Qf7 16. Be5 h6 17. c4 Bd6 18. Bxd6 cxd6 19. c5 dxc5 20. Qg3
Qg6 21. Rac1 b6 22. dxc5 Qxe4 23. cxb6+ Kb7 24. Qc7+ Ka6 25. Qxa7+ Kb5 26. Rfe1
Qf4 27. b7 1-0

[Event "Quebec-ch classe 2000+"]
[Site "Montreal CAN"]
[Date "2005.10.08"]
[Round "2"]
[White "Libersan, Thierry"]
[Black "Roussel-Roozmon, Thomas"]
[Result "1/2-1/2"]
[WhiteElo "2115"]
[BlackElo "2426"]
[PlyCount "61"]
[EventDate "2005.10.10"]
[EventType "swiss"]
[EventRounds "5"]
[EventCountry "CAN"]

1. e4 c5 2. Nf3 e6 3. d4 cxd4 4. Nxd4 Nc6 5. Nxc6 bxc6 6. Bd3 e5 7. O-O Ne7 8.
c4 Ng6 9. Nc3 Bc5 10. Rb1 Rb8 11. a3 d6 12. b4 Bd4 13. Ne2 c5 14. Nxd4 exd4 15.
f4 O-O 16. Rb2 f5 17. g3 Ne7 18. b5 Bb7 19. Re2 fxe4 20. Bxe4 Qd7 21. Bxb7 Rxb7
22. Rfe1 Nc8 23. Qc2 Qf7 24. a4 a6 25. Re6 Qc7 26. f5 axb5 27. axb5 Qf7 28. g4
Re7 29. Rxe7 Nxe7 30. Bf4 Nc8 31. Re6 1/2-1/2

[Event "Quebec-ch classe 2000+"]
[Site "Montreal CAN"]
[Date "2005.10.09"]
[Round "3"]
[White "Roussel-Roozmon, Thomas"]
[Black "Masse, Hugues"]
[Result "1-0"]
[WhiteElo "2426"]
[BlackElo "2204"]
[PlyCount "123"]
[EventDate "2005.10.10"]
[EventType "swiss"]
[EventRounds "5"]
[EventCountry "CAN"]

1. d4 Nf6 2. c4 g6 3. Nc3 d5 4. Bf4 Bg7 5. e3 c5 6. dxc5 Qa5 7. Rc1 dxc4 8.
Bxc4 O-O 9. Nge2 Qxc5 10. Qb3 Nc6 11. Nb5 Qh5 12. Ng3 Qh4 13. Nc7 g5 14. Bxg5
Qxg5 15. Nxa8 Bd7 16. O-O Na5 17. Qb4 Nxc4 18. Rxc4 Rxa8 19. Rc5 a5 20. Qb6 Qg4
21. Qxb7 Rc8 22. Rxc8+ Bxc8 23. Qxe7 Qd7 24. Qc5 a4 25. Rc1 Bb7 26. b3 axb3 27.
axb3 Ne4 28. Nxe4 Bxe4 29. Qc8+ Qxc8 30. Rxc8+ Bf8 31. f3 Bf5 32. Rb8 Kg7 33.
Kf2 Bd6 34. Rb6 Bc7 35. Rb7 Bd6 36. Rb6 Bc7 37. Rc6 Bd8 38. e4 Be6 39. b4 Kf8
40. f4 Be7 41. Rb6 Ke8 42. Kf3 Kd8 43. g4 Kc7 44. Rb5 Kc6 45. Rh5 Bxb4 46. Rxh7
Kd6 47. Rh8 Ke7 48. Rb8 Bc3 49. h4 Kf6 50. h5 Kg7 51. g5 Bd7 52. Rb3 Ba5 53. f5
Ba4 54. h6+ Kh7 55. Rb7 Bd1+ 56. Ke3 Bh5 57. g6+ Kxh6 58. gxf7 Kg7 59. f6+ Kf8
60. Rb5 Bc3 61. Rxh5 Bxf6 62. e5 1-0

[Event "4 city match"]
[Site "Kingston CAN"]
[Date "2005.09.10"]
[Round "1"]
[White "Roussel-Roozmon, Thomas"]
[Black "Hergott, Deen"]
[Result "1/2-1/2"]
[WhiteElo "2439"]
[BlackElo "2385"]
[PlyCount "92"]
[EventDate "2005.09.10"]
[EventType "team"]
[EventRounds "3"]
[EventCountry "CAN"]

1. Nf3 Nf6 2. c4 e6 3. Nc3 d5 4. d4 Bb4 5. Bg5 c5 6. cxd5 exd5 7. e3 Nbd7 8.
Qc2 Qa5 9. Bd3 O-O 10. O-O c4 11. Bf5 Re8 12. Nd2 g6 13. Bh3 Bxc3 14. Qxc3 Qxc3
15. bxc3 Ne4 16. Nxe4 dxe4 17. Bg4 b5 18. Rfb1 a6 19. a4 Nb6 20. Bxc8 Rexc8 21.
axb5 axb5 22. Rxa8 Rxa8 23. f3 f6 24. Rxb5 Na4 25. Bxf6 Nxc3 26. Rc5 Ra1+ 27.
Kf2 Ra2+ 28. Kg3 Ne2+ 29. Kg4 Kf7 30. Rxc4 exf3 31. gxf3 Kxf6 32. Rc6+ Kf7 33.
Rc7+ Kf6 34. Rc6+ Kf7 35. Rc7+ Kf6 36. Rxh7 Ra3 37. e4 Nxd4 38. f4 Ra1 39. Rh3
Re1 40. e5+ Kg7 41. Rd3 Rg1+ 42. Rg3 Rf1 43. Rd3 Ne6 44. Rf3 Rxf3 45. Kxf3 Kf7
46. Kg4 Nd4 1/2-1/2

[Event "4 city match"]
[Site "Kingston CAN"]
[Date "2005.09.10"]
[Round "2"]
[White "Zugic, Igor"]
[Black "Roussel-Roozmon, Thomas"]
[Result "1-0"]
[WhiteElo "2474"]
[BlackElo "2439"]
[PlyCount "111"]
[EventDate "2005.09.10"]
[EventType "team"]
[EventRounds "3"]
[EventCountry "CAN"]

1. c4 c6 2. e4 d5 3. cxd5 cxd5 4. exd5 Nf6 5. Qa4+ Nbd7 6. Nc3 g6 7. Bc4 Bg7 8.
d3 O-O 9. Nf3 a6 10. Qa3 Nb6 11. Qb3 Nxc4 12. dxc4 b5 13. cxb5 axb5 14. O-O b4
15. Qxb4 Nxd5 16. Nxd5 Qxd5 17. a4 Ba6 18. Re1 e5 19. Qh4 f5 20. Bh6 e4 21.
Bxg7 Kxg7 22. Red1 Bd3 23. Qe7+ Rf7 24. Qe5+ Qxe5 25. Nxe5 Rb7 26. Nxd3 exd3
27. Rxd3 Rxb2 28. g3 Ra5 29. Rd4 Kf6 30. h4 Rb6 31. Rc1 h6 32. Rdc4 Raa6 33.
Kg2 Rd6 34. R1c2 g5 35. Rb2 Rd5 36. Rb5 Ke6 37. Rxd5 Kxd5 38. Rb4 Ke6 39. Kf3
Rc6 40. a5 Rc3+ 41. Kg2 Ra3 42. Rb6+ Ke5 43. h5 Rxa5 44. Rxh6 g4 45. Rg6 Ra7
46. h6 Rh7 47. f3 gxf3+ 48. Kxf3 Rh8 49. Ke3 Rh7 50. Ra6 Rb7 51. Kf3 Rb2 52.
Rg6 Rh2 53. Ra6 Rh1 54. Kg2 Rh5 55. g4 Rg5 56. h7 1-0

[Event "4 city match"]
[Site "Kingston CAN"]
[Date "2005.09.10"]
[Round "3"]
[White "Roussel-Roozmon, Thomas"]
[Black "Berube, Antoine"]
[Result "1-0"]
[WhiteElo "2439"]
[BlackElo "2130"]
[PlyCount "47"]
[EventDate "2005.09.10"]
[EventType "team"]
[EventRounds "3"]
[EventCountry "CAN"]

1. d4 d5 2. c4 c6 3. Nf3 Nf6 4. e3 e6 5. Bd3 Nbd7 6. O-O Bd6 7. Nbd2 O-O 8. e4
dxe4 9. Nxe4 Nxe4 10. Bxe4 Nf6 11. Bc2 h6 12. b3 Qe7 13. Qe2 b6 14. Bb2 Bb7 15.
Rad1 c5 16. Rfe1 Bxf3 17. Qxf3 cxd4 18. Rxd4 Ba3 19. Ba1 Bb4 20. Rf4 Nh5 21.
Qxh5 Bxe1 22. Bf6 Qxf6 23. Rxf6 gxf6 24. Qg4+ 1-0

[Event "Montreal int."]
[Site "Montreal CAN"]
[Date "2005.08.03"]
[Round "1"]
[White "Roussel-Roozmon, Thomas"]
[Black "Efimenko, Zahar"]
[Result "0-1"]
[WhiteElo "2439"]
[BlackElo "2643"]
[PlyCount "80"]
[EventDate "2005.08.04"]
[EventType "tourn"]
[EventRounds "11"]
[EventCountry "CAN"]

1. d4 Nf6 2. c4 d6 3. Nc3 e5 4. Nf3 e4 5. Ng5 Qe7 6. h4 h6 7. Nh3 c6 8. Bf4 Na6
9. e3 Bf5 10. Qa4 Qd7 11. O-O-O Bg4 12. Rd2 Nc7 13. Ng1 a6 14. f3 exf3 15. gxf3
Be6 16. Qa5 b5 17. d5 Bf5 18. e4 Nh5 19. Nge2 b4 20. Na4 Rb8 21. dxc6 Qxc6 22.
exf5 Nxf4 23. Nd4 Qb7 24. Bd3 Nxd3+ 25. Rxd3 Be7 26. Re1 Kf8 27. f6 Bxf6 28.
Nf5 Qc6 29. Kb1 Qxc4 30. Rxd6 Rb5 31. Nb6 Rxa5 32. Nxc4 Rxf5 33. Rc6 Bd8 34.
Rd6 Be7 35. Rd7 Ne6 36. Ne3 Re5 37. Rc1 Rxe3 38. Rc8+ Bd8 39. Rcxd8+ Nxd8 40.
Rxd8+ Re8 0-1

[Event "Montreal int."]
[Site "Montreal CAN"]
[Date "2005.08.05"]
[Round "3"]
[White "Roussel-Roozmon, Thomas"]
[Black "Bluvshtein, Mark"]
[Result "1/2-1/2"]
[WhiteElo "2439"]
[BlackElo "2525"]
[PlyCount "81"]
[EventDate "2005.08.04"]
[EventType "tourn"]
[EventRounds "11"]
[EventCountry "CAN"]

1. d4 Nf6 2. c4 e6 3. Nc3 Bb4 4. Qc2 O-O 5. a3 Bxc3+ 6. Qxc3 d6 7. Nf3 Nbd7 8.
g3 e5 9. dxe5 dxe5 10. Bg2 Qe7 11. b4 Re8 12. O-O Nf8 13. Bb2 Ng6 14. Rad1 Bf5
15. Nd2 c6 16. c5 Nd5 17. Qb3 Be6 18. Qc2 a5 19. e4 Nc7 20. Nc4 axb4 21. axb4
Bxc4 22. Qxc4 Red8 23. Bf3 Qe6 24. Rxd8+ Rxd8 25. Qxe6 Nxe6 26. Rd1 Rxd1+ 27.
Bxd1 f6 28. Kf1 Kf7 29. Ke2 Ke7 30. Ke3 Ngf8 31. f4 Nd7 32. h4 b6 33. cxb6 Nxb6
34. Bb3 Kd6 35. f5 Nd4 36. Bxd4 exd4+ 37. Kxd4 Nd7 38. Kc4 Ne5+ 39. Kd4 Nd7 40.
Kc4 Ne5+ 41. Kd4 1/2-1/2

[Event "Montreal int."]
[Site "Montreal CAN"]
[Date "2005.08.06"]
[Round "4"]
[White "Nataf, Igor A"]
[Black "Roussel-Roozmon, Thomas"]
[Result "1/2-1/2"]
[WhiteElo "2583"]
[BlackElo "2439"]
[PlyCount "68"]
[EventDate "2005.08.04"]
[EventType "tourn"]
[EventRounds "11"]
[EventCountry "CAN"]

1. e4 c6 2. d4 d5 3. e5 Bf5 4. Nf3 e6 5. Be2 Nd7 6. O-O Bg6 7. c3 Nh6 8. Na3
Nf5 9. Nc2 Be7 10. Nce1 c5 11. g3 cxd4 12. cxd4 Nb8 13. Ng2 Bh5 14. Ne3 Nxe3
15. Bxe3 Nc6 16. Ne1 Bxe2 17. Qxe2 O-O 18. Nd3 Qb6 19. Rfc1 Rac8 20. Rc3 Nb4
21. Nxb4 Bxb4 22. Rxc8 Rxc8 23. Qd1 Rc4 24. Rc1 Qa5 25. b3 Rxc1 26. Qxc1 Qxa2
27. Qc8+ Bf8 28. Qxb7 Qb1+ 29. Kg2 Qe4+ 30. Kf1 Qb1+ 31. Ke2 Qc2+ 32. Kf3 Qe4+
33. Ke2 Qc2+ 34. Kf1 Qb1+ 1/2-1/2

[Event "Montreal int."]
[Site "Montreal CAN"]
[Date "2005.08.07"]
[Round "5"]
[White "Roussel-Roozmon, Thomas"]
[Black "Kogan, Artur"]
[Result "0-1"]
[WhiteElo "2439"]
[BlackElo "2580"]
[PlyCount "80"]
[EventDate "2005.08.04"]
[EventType "tourn"]
[EventRounds "11"]
[EventCountry "CAN"]

1. d4 Nf6 2. Nf3 c5 3. d5 d6 4. Nc3 Bf5 5. Nd2 g5 6. e4 Bg6 7. f3 Nbd7 8. Nc4
h6 9. Bd3 Bg7 10. h4 gxh4 11. Rxh4 Nb6 12. Be3 Nxc4 13. Bxc4 a6 14. a4 Nd7 15.
Qd2 Qa5 16. Nd1 Qc7 17. c3 O-O-O 18. Nf2 h5 19. Rh1 Ne5 20. Be2 f5 21. exf5
Bxf5 22. f4 Ng4 23. Nxg4 hxg4 24. Kf2 e5 25. dxe6 Bxe6 26. Rxh8 Rxh8 27. Rd1
Bf8 28. Qd3 Qf7 29. b4 Be7 30. bxc5 g3+ 31. Kg1 dxc5 32. Qe4 Bf5 33. Qe5 Re8
34. Rd5 Bd7 35. Bh5 Qh7 36. Kf1 Rd8 37. Bxc5 Qb1+ 38. Ke2 Qa2+ 39. Kf3 Bf6 40.
Qe4 Bc6 0-1

[Event "Montreal int."]
[Site "Montreal CAN"]
[Date "2005.08.08"]
[Round "6"]
[White "Golod, Vitali"]
[Black "Roussel-Roozmon, Thomas"]
[Result "1/2-1/2"]
[WhiteElo "2582"]
[BlackElo "2439"]
[PlyCount "107"]
[EventDate "2005.08.04"]
[EventType "tourn"]
[EventRounds "11"]
[EventCountry "CAN"]

1. d4 d5 2. c4 c6 3. Nf3 Nf6 4. e3 a6 5. Qc2 e6 6. Nbd2 Nbd7 7. b3 c5 8. Bd3
cxd4 9. exd4 b6 10. O-O Bb7 11. Bb2 Be7 12. Rac1 h6 13. Rfe1 O-O 14. Qd1 Rc8
15. Qe2 dxc4 16. bxc4 Bb4 17. Rc2 Rc7 18. a3 Be7 19. Ne4 Nxe4 20. Bxe4 Bxe4 21.
Qxe4 Bf6 22. Bc1 b5 23. c5 Qa8 24. Qxa8 Rxa8 25. Bf4 Rc6 26. a4 g5 27. axb5
axb5 28. Be3 g4 29. Nd2 Ra4 30. Nb3 Bg7 31. Rb1 Nf6 32. Nc1 b4 33. Rc4 Nd5 34.
Nd3 Rc8 35. Bd2 Rb8 36. g3 h5 37. Bxb4 Kf8 38. c6+ Ke8 39. c7 Rc8 40. Rbc1 Nxb4
41. Nxb4 Bf8 42. Nd3 Rxc4 43. Rxc4 Bd6 44. f3 Rxc7 45. Rxc7 Bxc7 46. Kg2 Ke7
47. fxg4 hxg4 48. Nf2 f5 49. h3 gxh3+ 50. Nxh3 Kd6 51. Kf3 Kd5 52. Ng5 Bd8 53.
Nxe6 Kxe6 54. g4 1/2-1/2